Central Library OPAC University of Rajshahi

আধুনিক জগৎ ও মানবজ্ঞান / (Record no. 40439)

MARC details
000 -LEADER
fixed length control field 01059nam a2200253 a 4500
001 - CONTROL NUMBER
control field 40439
003 - CONTROL NUMBER IDENTIFIER
rucl marc code BD-RjUL
005 - DATE AND TIME OF LATEST TRANSACTION
control field 20211209053219.0
008 - FIXED-LENGTH DATA ELEMENTS--GENERAL INFORMATION
fixed length control field 160502s1973 bg ||||| |||| 00| 0 ben d
020 ## - INTERNATIONAL STANDARD BOOK NUMBER
Terms of availability : Tk. 15.00
035 ## - SYSTEM CONTROL NUMBER
System control number (BD-RjUL)40554
040 ## - CATALOGING SOURCE
Original cataloging agency BD-RjUL
Language of cataloging ben
Transcribing agency BD-RjUL
041 ## - LANGUAGE CODE
Language code of text/sound track or separate title ben
082 ## - DEWEY DECIMAL CLASSIFICATION NUMBER
Edition number 23
Classification number 121
Author mark and year BRA 1973
100 ## - MAIN ENTRY--PERSONAL NAME
Personal name ব্রাইসন, লিম্যান
9 (RLIN) 124573
245 10 - TITLE STATEMENT
Title আধুনিক জগৎ ও মানবজ্ঞান /
Statement of responsibility, etc. লিম্যান ব্রাইসন ; অনুবাদ : আখতারুজ্জামান ... [ এবং অন্যান্য]
260 ## - PUBLICATION, DISTRIBUTION, ETC. (IMPRINT)
Place of publication, distribution, etc. ঢাকা :
Name of publisher, distributor, etc. বাংলা একাডেমী,
Date of publication, distribution, etc. ১৯৭৩
300 ## - PHYSICAL DESCRIPTION
Pagination ১৬, ৬৫০ পৃ. ;
Size ২০ সেমি.
490 ## - SERIES STATEMENT
Series statement বা.এ. ;
Volume/sequential designation ৪০৬
650 ## - SUBJECT ADDED ENTRY--TOPICAL TERM
Topical term or geographic name as entry element জ্ঞানতত্ব
9 (RLIN) 124574
Topical term or geographic name as entry element Epistemology
9 (RLIN) 120492
700 ## - ADDED ENTRY--PERSONAL NAME
Personal name আখতারুজ্জামান ... [ এবং অন্যান্য], অনুবাদক
942 ## - ADDED ENTRY ELEMENTS (KOHA)
Source of classification or shelving scheme Dewey Decimal Classification
Koha item type Books
Holdings
Lost status Source of classification or shelving scheme Damaged status Not for loan Collection code Permanent Location Current Location Shelving location Date acquired Cost, normal purchase price Total Checkouts Full call number Date last seen Copy number Koha item type Source of acquisition
  Dewey Decimal Classification     Non-fiction Central Library, University of Rajshahi Central Library, University of Rajshahi   02/01/1975 15.00   B 121 BRA 1973 02/05/2016 C-2 Books  
  Dewey Decimal Classification     Non-fiction Central Library, University of Rajshahi Central Library, University of Rajshahi   02/01/1975 15.00   B 121 BRA 1973 02/05/2016 C-3 Books  
  Dewey Decimal Classification     Non-fiction Central Library, University of Rajshahi Central Library, University of Rajshahi   02/01/1975 15.00   B 121 BRA 1973 02/05/2016 C-4 Books  
  Dewey Decimal Classification     Non-fiction Central Library, University of Rajshahi Central Library, University of Rajshahi   02/01/1975 15.00   B 121 BRA 1973 02/05/2016 C-5 Books  
  Dewey Decimal Classification     Non-fiction Central Library, University of Rajshahi Central Library, University of Rajshahi   02/01/1975 15.00   B 121 BRA 1973 02/05/2016 C-6 Books  
  Dewey Decimal Classification     Non-fiction Central Library, University of Rajshahi Central Library, University of Rajshahi   02/01/1975 15.00   B 121 BRA 1973 29/05/2016 C-7 Books Bangla Academy, Dhaka
  Dewey Decimal Classification     Non-fiction Central Library, University of Rajshahi Central Library, University of Rajshahi   02/01/1975 15.00   B 121 BRA 1973 30/05/2016 C-8 Books Bangla academy, Dhaka
  Dewey Decimal Classification   Not For Loan Non-fiction Central Library, University of Rajshahi Central Library, University of Rajshahi Reading Room 02/01/1975 15.00   B 121 BRA 1973 06/12/2016 C-1 Books Bangla Academy, Dhaka
  Dewey Decimal Classification     Non-fiction Central Library, University of Rajshahi Central Library, University of Rajshahi   02/01/1975 15.00   B 121 BRA 1973 30/01/2017 C-9 Books Bangla Academy, Dhaka
  Dewey Decimal Classification     Non-fiction Central Library, University of Rajshahi Central Library, University of Rajshahi   01/01/1975 15.00   B 121 BRA 1973 03/05/2017 C-10 Books Bangla Academy